[Event "71st RUS-ch Higher League 2018"]
[Site "Yaroslavl"]
[Date "2018.07.02"]
[Round "6"]
[White "Bimiev, Ahmad"]
[Black "Iskusnyh, Sergei"]
[Result "0-1"]
[WhiteElo "2125"]
[BlackElo "2473"]
[Annotator "ChessBase"]
[PlyCount "126"]
[EventDate "2018.06.26"]
[EventType "swiss"]
[EventCountry "RUS"]
[SourceTitle "playchess.com"]
[Source "ChessBase"]
[SourceQuality "1"]
[TimeControl "40/5400+30:1800+30"]

1. c4 {[%emt 0:00:00]} g6 {[%emt 0:00:00]} 2. Nc3 {[%emt 0:00:00]} c5 {[%emt 0:00:04]} 3. g3 {[%emt 0:00:19]} Bg7 {[%emt 0:00:06]} 4. Bg2 {[%emt 0:00:07]} Nc6 {[%emt 0:00:06]} 5. e4 {[%emt 0:05:01]} d6 {[%emt 0:01:43]} 6. Nge2 {[%emt 0:00:08]} e6 {[%emt 0:00:11]} 7. O-O {[%emt 0:00:15]} Nge7 {[%emt 0:00:04]} 8. d3 {[%emt 0:00:57]} O-O {[%emt 0:00:09]} 9. a3 {[%emt 0:00:30]} b6 {[%emt 0:00:17]} 10. Rb1 {[%emt 0:00:13]} Bb7 {[%emt 0:00:56]} 11. b4 {[%emt 0:00:54]} Qd7 {[%emt 0:06:03]} 12. Qb3 {[%emt 0:15:32]} Rad8 {[%emt 0:14:59]} 13. Bb2 {[%emt 0:08:49]} Ba8 {[%emt 0:22:42]} 14. Rfd1 {[%emt 0:04:22]} f5 {[%emt 0:05:59]} 15. b5 {[%emt 0:04:22]} Nd4 {[%emt 0:07:22]} 16. Nxd4 {[%emt 0:00:27]} Bxd4 {[%emt 0:00:22]} 17. Ne2 {[%emt 0:00:56]} e5 {[%emt 0:10:46]} 18. Nxd4 {[%emt 0:01:10]} exd4 {[%emt 0:00:01]} 19. f3 {[%emt 0:00:28]} g5 {[%emt 0:02:17]} 20. Bc1 {[%emt 0:04:28]} f4 {[%emt 0:01:13]} 21. Kf2 {[%emt 0:00:32]} Ng6 {[%emt 0:01:44]} 22. Rg1 {[%emt 0:00:59]} Qe6 {[%emt 0:04:09]} 23. Qd1 {[%emt 0:00:58]} Kh8 {[%emt 0:01:39]} 24. Rb2 {[%emt 0:00:23]} g4 {[%emt 0:06:32]} 25. gxf4 {[%emt 0:01:52]} Nxf4 {[%emt 0:00:18]} 26. Bxf4 {[%emt 0:01:27]} Rxf4 {[%emt 0:00:02]} 27. Ke1 {[%emt 0:00:42]} Qh6 {[%emt 0:02:49]} 28. Bh1 {[%emt 0:03:20]} gxf3 {[%emt 0:01:32]} 29. Bxf3 {[%emt 0:03:23]} Rdf8 {[%emt 0:02:12]} 30. Rg3 {[%emt 0:04:17]} Bb7 {[%emt 0:03:10]} 31. Rf2 {[%emt 0:01:02]} Bc8 {[%emt 0:01:06]} 32. Qe2 {[%emt 0:00:50]} Qh4 {[%emt 0:01:34]} 33. Kf1 {[%emt 0:10:41]} Qf6 {[%emt 0:00:17]} 34. Kg1 {[%emt 0:02:34]} h5 {[%emt 0:01:28]} 35. e5 {[%emt 0:04:54]} Qxe5 {[%emt 0:00:52]} 36. Rfg2 {[%emt 0:01:58]} Bg4 {[%emt 0:02:30]} 37. Qd2 {[%emt 0:01:13]} Qe3+ {[%emt 0:00:23]} 38. Qxe3 {[%emt 0:00:07]} dxe3 {[%emt 0:00:01]} 39. Be2 {[%emt 0:00:09]} Bxe2 {[%emt 0:00:05]} 40. Rxe2 {[%emt 0:00:00]} Rf1+ {[%emt 0:00:00]} 41. Kg2 {[%emt 0:00:11]} R1f2+ {[%emt 0:10:55]} 42. Rxf2 {[%emt 0:00:09]} Rxf2+ {[%emt 0:00:18]} 43. Kg1 {[%emt 0:03:04]} Ra2 {[%emt 0:00:32]} 44. Rxe3 {[%emt 0:00:09]} Rxa3 {[%emt 0:00:04]} 45. Kg2 {[%emt 0:00:49]} Kg7 {[%emt 0:00:26]} 46. Kg3 {[%emt 0:00:10]} Ra4 {[%emt 0:14:26]} 47. Kh4 {[%emt 0:10:52]} d5 {[%emt 0:00:10]} 48. Kg5 {[%emt 0:00:56]} Kf7 {[%emt 0:04:38]} 49. h4 {[%emt 0:01:40]} dxc4 {[%emt 0:01:41]} 50. Re4 {[%emt 0:00:02]} a6 {[%emt 0:01:00]} 51. bxa6 {[%emt 0:00:25]} Rxa6 {[%emt 0:00:03]} 52. dxc4 {[%emt 0:00:29]} Ra4 {[%emt 0:00:48]} 53. Rf4+ {[%emt 0:01:18]} Ke7 {[%emt 0:01:04]} 54. Re4+ {[%emt 0:02:37]} Kd6 {[%emt 0:00:55]} 55. Kf5 {[%emt 0:01:48]} Rb4 {[%emt 0:00:24]} 56. Re6+ {[%emt 0:02:43]} Kc7 {[%emt 0:00:27]} 57. Re4 {[%emt 0:00:09]} b5 {[%emt 0:01:20]} 58. cxb5 {[%emt 0:00:46]} Rxe4 {[%emt 0:00:13]} 59. Kxe4 {[%emt 0:00:04]} Kb6 {[%emt 0:00:04]} 60. Kd3 {[%emt 0:00:06]} Kxb5 {[%emt 0:00:16]} 61. Kc3 {[%emt 0:00:04]} Kc6 {[%emt 0:00:14]} 62. Kc4 {[%emt 0:00:11]} Kd6 {[%emt 0:00:05]} 63. Kc3 {[%emt 0:00:10]} Ke5 {[%emt 0:01:27] Kd4+} 0-1

[Event "71st RUS-ch Higher League 2018"]
[Site "Yaroslavl"]
[Date "2018.07.03"]
[Round "7"]
[White "Sjugirov, Sanan"]
[Black "Alekseev, Evgeny"]
[Result "1-0"]
[WhiteElo "2663"]
[BlackElo "2627"]
[Annotator "ChessBase"]
[PlyCount "67"]
[EventDate "2018.06.26"]
[EventType "swiss"]
[EventCountry "RUS"]
[SourceTitle "playchess.com"]
[Source "ChessBase"]
[SourceQuality "1"]
[TimeControl "40/5400+30:1800+30"]

1. e4 {[%emt 0:01:07]} e6 {[%emt 0:01:47]} 2. d4 {[%emt 0:00:15]} d5 {[%emt 0:00:08]} 3. Nc3 {[%emt 0:00:59]} Nf6 {[%emt 0:03:52]} 4. e5 {[%emt 0:00:12]} Nfd7 {[%emt 0:00:13]} 5. f4 {[%emt 0:00:12]} c5 {[%emt 0:01:02]} 6. Nf3 {[%emt 0:00:19]} Nc6 {[%emt 0:00:51]} 7. Be3 {[%emt 0:00:16]} Be7 {[%emt 0:03:38]} 8. Qd2 {[%emt 0:05:28]} b6 {[%emt 0:04:51]} 9. Bb5 {[%emt 0:05:39]} Bb7 {[%emt 0:02:55]} 10. f5 {[%emt 0:05:10]} a6 {[%emt 0:11:44]} 11. Bxc6 {[%emt 0:01:54]} Bxc6 {[%emt 0:00:27]} 12. fxe6 {[%emt 0:02:09]} fxe6 {[%emt 0:00:24]} 13. Ne2 {[%emt 0:00:23]} Qc7 {[%emt 0:07:52]} 14. Bg5 {[%emt 0:13:44]} Nf8 {[%emt 0:02:26]} 15. O-O {[%emt 0:03:35]} h6 {[%emt 0:05:11]} 16. Bxe7 {[%emt 0:00:55]} Qxe7 {[%emt 0:00:03]} 17. dxc5 {[%emt 0:17:58]} bxc5 {[%emt 0:00:41]} 18. b4 {[%emt 0:00:09]} cxb4 {[%emt 0:03:21]} 19. Nfd4 {[%emt 0:01:09]} Bd7 {[%emt 0:01:39]} 20. Qd3 {[%emt 0:04:55]} Qc5 {[%emt 0:06:12]} 21. Kh1 {[%emt 0:02:04]} Bb5 {[%emt 0:00:35]} 22. Nxb5 {[%emt 0:04:45]} Qxb5 {[%emt 0:01:47]} 23. Qf3 {[%emt 0:06:12]} O-O-O {[%emt 0:06:08]} 24. c3 {[%emt 0:07:34]} Nd7 {[%emt 0:05:14]} 25. Nd4 {[%emt 0:00:04]} Qb6 {[%emt 0:04:38]} 26. Qe3 {[%emt 0:00:50]} Nb8 {[%emt 0:03:12]} 27. cxb4 {[%emt 0:01:33]} Kb7 {[%emt 0:00:32]} 28. Qd3 {[%emt 0:06:10]} Rc8 {[%emt 0:11:50]} 29. b5 {[%emt 0:01:19]} Ka8 {[%emt 0:03:52]} 30. bxa6 {[%emt 0:01:25]} Rc4 {[%emt 0:01:18]} 31. Rfd1 {[%emt 0:02:29]} Rhc8 {[%emt 0:01:32]} 32. Rab1 {[%emt 0:00:38]} Qxa6 {[%emt 0:00:13]} 33. h3 {[%emt 0:02:10]} Nd7 {[%emt 0:02:32]} 34. Nxe6 1-0

[Event "71st RUS-ch Higher League 2018"]
[Site "Yaroslavl"]
[Date "2018.07.03"]
[Round "7"]
[White "Dreev, Aleksey"]
[Black "Gaifullin, Artur"]
[Result "1-0"]
[WhiteElo "2657"]
[BlackElo "2448"]
[Annotator "ChessBase"]
[PlyCount "113"]
[EventDate "2018.06.26"]
[EventType "swiss"]
[EventCountry "RUS"]
[SourceTitle "playchess.com"]
[Source "ChessBase"]
[SourceQuality "1"]
[TimeControl "40/5400+30:1800+30"]

1. d4 {[%emt 0:00:00]} Nf6 {[%emt 0:00:00]} 2. Nf3 {[%emt 0:00:00]} e6 {[%emt 0:00:00]} 3. c4 {[%emt 0:00:09]} d5 {[%emt 0:00:00]} 4. Nc3 {[%emt 0:00:06]} Bb4 {[%emt 0:00:00]} 5. Bg5 {[%emt 0:00:14]} dxc4 {[%emt 0:00:00]} 6. Qa4+ {[%emt 0:01:02]} Nc6 {[%emt 0:00:11]} 7. e3 {[%emt 0:00:32]} Bd7 {[%emt 0:01:50]} 8. Qc2 {[%emt 0:00:50]} b5 {[%emt 0:02:46]} 9. Be2 {[%emt 0:02:09]} Rb8 {[%emt 0:08:17]} 10. O-O {[%emt 0:05:16]} h6 {[%emt 0:02:35]} 11. Bh4 {[%emt 0:04:15]} Be7 {[%emt 0:01:21]} 12. Bxf6 {[%emt 0:20:26]} Bxf6 {[%emt 0:00:14]} 13. Ne4 {[%emt 0:00:07]} Be7 {[%emt 0:01:59]} 14. b3 {[%emt 0:01:13]} Nb4 {[%emt 0:07:22]} 15. Qb1 {[%emt 0:05:12]} Bc6 {[%emt 0:07:16]} 16. bxc4 {[%emt 0:08:45]} bxc4 {[%emt 0:00:05]} 17. Bxc4 {[%emt 0:00:20]} O-O {[%emt 0:01:09]} 18. a3 {[%emt 0:05:12]} Nd5 {[%emt 0:16:57]} 19. Qc2 {[%emt 0:02:01]} Ba8 {[%emt 0:13:55]} 20. Rfc1 {[%emt 0:03:05]} Bd6 {[%emt 0:02:42]} 21. Be2 {[%emt 0:14:38]} Qe7 {[%emt 0:05:05]} 22. Nc5 {[%emt 0:00:09]} Rb6 {[%emt 0:02:44]} 23. h3 {[%emt 0:11:28]} Rfb8 {[%emt 0:02:25]} 24. a4 {[%emt 0:00:20]} Rb2 {[%emt 0:07:59]} 25. Qd1 {[%emt 0:01:39]} e5 {[%emt 0:01:54]} 26. Nd3 {[%emt 0:08:16]} e4 {[%emt 0:04:14]} 27. Nxb2 {[%emt 0:00:06]} exf3 {[%emt 0:00:22]} 28. Bxf3 {[%emt 0:00:07]} Rxb2 {[%emt 0:02:41]} 29. Qd3 {[%emt 0:02:47]} Qh4 {[%emt 0:02:02]} 30. Rf1 {[%emt 0:02:46]} Nf4 {[%emt 0:02:54]} 31. Qf5 {[%emt 0:00:02]} Bxf3 {[%emt 0:00:50]} 32. Qc8+ {[%emt 0:00:38]} Bf8 {[%emt 0:00:35]} 33. exf4 {[%emt 0:00:22]} Be2 {[%emt 0:00:56]} 34. Rab1 {[%emt 0:01:02]} Rxb1 {[%emt 0:01:44]} 35. Rxb1 {[%emt 0:00:02]} Qxf4 {[%emt 0:00:08]} 36. Rb8 {[%emt 0:00:52]} Qd6 {[%emt 0:00:06]} 37. Qe8 {[%emt 0:00:39]} Bc4 {[%emt 0:00:53]} 38. Rd8 {[%emt 0:00:23]} Qb4 {[%emt 0:00:54]} 39. d5 {[%emt 0:00:09]} Kh7 {[%emt 0:01:25]} 40. Qe4+ {[%emt 0:00:00]} Kg8 {[%emt 0:00:00]} 41. d6 {[%emt 0:11:57]} cxd6 {[%emt 0:05:18]} 42. Qe7 {[%emt 0:00:20]} Kh7 {[%emt 0:02:18]} 43. Rxf8 {[%emt 0:00:59]} Bd5 {[%emt 0:02:27]} 44. Qe3 {[%emt 0:04:58]} a5 {[%emt 0:08:52]} 45. Qd3+ {[%emt 0:06:17]} Be4 {[%emt 0:00:29]} 46. Qb5 {[%emt 0:00:19]} Qe1+ {[%emt 0:08:49]} 47. Qf1 {[%emt 0:00:17]} Qc3 {[%emt 0:03:18]} 48. Rxf7 {[%emt 0:00:30]} d5 {[%emt 0:00:01]} 49. Qd1 {[%emt 0:01:33]} d4 {[%emt 0:00:47]} 50. Rf4 {[%emt 0:01:11]} Bd3 {[%emt 0:01:25]} 51. Rf3 {[%emt 0:00:58]} Bc2 {[%emt 0:00:07]} 52. Rxc3 {[%emt 0:00:10]} Bxd1 {[%emt 0:00:02]} 53. Rc4 {[%emt 0:01:21]} d3 {[%emt 0:00:11]} 54. Rd4 {[%emt 0:00:11]} Bc2 {[%emt 0:00:22]} 55. Kf1 {[%emt 0:00:52]} d2 {[%emt 0:03:14]} 56. Rxd2 {[%emt 0:00:15]} Bxa4 {[%emt 0:00:03]} 57. Rd5 {[%emt 0:00:06]} 1-0

[Event "71st RUS-ch Higher League 2018"]
[Site "Yaroslavl"]
[Date "2018.07.03"]
[Round "7"]
[White "Paravyan, David"]
[Black "Timofeev, Artyom"]
[Result "1/2-1/2"]
[WhiteElo "2634"]
[BlackElo "2583"]
[Annotator "ChessBase"]
[PlyCount "166"]
[EventDate "2018.06.26"]
[EventType "swiss"]
[EventCountry "RUS"]
[SourceTitle "playchess.com"]
[Source "ChessBase"]
[SourceQuality "1"]
[TimeControl "40/5400+30:1800+30"]

1. d4 {[%emt 0:03:05]} d5 {[%emt 0:00:00]} 2. c4 {[%emt 0:00:04]} dxc4 {[%emt 0:00:22]} 3. Nf3 {[%emt 0:02:00]} Nf6 {[%emt 0:00:20]} 4. e3 {[%emt 0:00:05]} e6 {[%emt 0:00:23]} 5. Bxc4 {[%emt 0:00:03]} c5 {[%emt 0:00:21]} 6. O-O {[%emt 0:00:06]} a6 {[%emt 0:00:19]} 7. b3 {[%emt 0:00:59]} cxd4 {[%emt 0:02:10]} 8. Nxd4 {[%emt 0:01:02]} Bd6 {[%emt 0:00:09]} 9. Bb2 {[%emt 0:05:56]} O-O {[%emt 0:01:44]} 10. Nc3 {[%emt 0:18:23]} Qe7 {[%emt 0:05:23]} 11. Bd3 {[%emt 0:17:20]} Bd7 {[%emt 0:07:44]} 12. Qf3 {[%emt 0:11:55]} Nc6 {[%emt 0:02:20]} 13. Ne4 {[%emt 0:00:33]} Nxe4 {[%emt 0:18:21]} 14. Bxe4 {[%emt 0:00:30]} Rac8 {[%emt 0:00:05]} 15. Rfc1 {[%emt 0:03:27]} Nxd4 {[%emt 0:09:02]} 16. Bxd4 {[%emt 0:00:09]} Rxc1+ {[%emt 0:00:12]} 17. Rxc1 {[%emt 0:00:06]} b5 {[%emt 0:00:03]} 18. g3 {[%emt 0:03:06]} e5 {[%emt 0:04:02]} 19. Bb6 {[%emt 0:02:27]} g6 {[%emt 0:06:27]} 20. Rd1 {[%emt 0:06:28]} h5 {[%emt 0:07:25]} 21. Qe2 {[%emt 0:00:50]} Rb8 {[%emt 0:06:06]} 22. Ba5 {[%emt 0:00:39]} Bg4 {[%emt 0:02:08]} 23. f3 {[%emt 0:01:37]} Be6 {[%emt 0:05:45]} 24. Qd3 {[%emt 0:03:31]} Bc5 {[%emt 0:01:29]} 25. Kf2 {[%emt 0:11:57]} Bb6 {[%emt 0:11:01]} 26. Bxb6 {[%emt 0:01:09]} Rxb6 {[%emt 0:00:04]} 27. Bxg6 {[%emt 0:00:39]} fxg6 {[%emt 0:00:09]} 28. Qxg6+ {[%emt 0:00:04]} Kf8 {[%emt 0:00:12]} 29. Qh6+ {[%emt 0:01:06]} Kg8 {[%emt 0:00:23]} 30. Qg6+ {[%emt 0:00:53]} Kf8 {[%emt 0:00:06]} 31. Qh6+ {[%emt 0:02:20]} Kg8 {[%emt 0:00:12]} 32. Qxh5 {[%emt 0:00:13]} Bf7 {[%emt 0:01:34]} 33. Qg4+ {[%emt 0:00:49]} Rg6 {[%emt 0:00:17]} 34. Qc8+ {[%emt 0:01:02]} Kg7 {[%emt 0:00:21]} 35. Rd7 {[%emt 0:01:29]} Qe6 {[%emt 0:02:46]} 36. g4 {[%emt 0:01:26]} e4 {[%emt 0:02:26]} 37. Qc3+ {[%emt 0:00:19]} Kh7 {[%emt 0:00:14]} 38. Qc7 {[%emt 0:00:33]} Kg7 {[%emt 0:02:23]} 39. Qc3+ {[%emt 0:00:30]} Qf6 {[%emt 0:01:34]} 40. Qxf6+ {[%emt 0:00:00]} Kxf6 {[%emt 0:00:00]} 41. h4 {[%emt 0:08:16]} exf3 {[%emt 0:09:33]} 42. g5+ {[%emt 0:00:30]} Ke6 {[%emt 0:03:03]} 43. Ra7 {[%emt 0:03:28]} Rg8 {[%emt 0:02:26]} 44. Kxf3 {[%emt 0:02:51]} Bh5+ {[%emt 0:02:05]} 45. Ke4 {[%emt 0:00:26]} Bg6+ {[%emt 0:00:49]} 46. Kf4 {[%emt 0:00:46]} Rf8+ {[%emt 0:03:34]} 47. Kg4 {[%emt 0:00:54]} Rf1 {[%emt 0:06:08]} 48. Rxa6+ {[%emt 0:00:30]} Kf7 {[%emt 0:00:04]} 49. a4 {[%emt 0:06:03]} Rg1+ {[%emt 0:00:55]} 50. Kf4 {[%emt 0:00:30]} Rh1 {[%emt 0:03:29]} 51. Ke5 {[%emt 0:01:22]} Rxh4 {[%emt 0:01:08]} 52. Ra7+ {[%emt 0:00:04]} Ke8 {[%emt 0:01:02]} 53. a5 {[%emt 0:05:43]} Rh3 {[%emt 0:03:26]} 54. a6 {[%emt 0:03:34]} Rxe3+ {[%emt 0:00:28]} 55. Kf6 {[%emt 0:00:03]} Bc2 {[%emt 0:01:48]} 56. Rb7 {[%emt 0:00:05]} Rf3+ {[%emt 0:00:24]} 57. Ke5 {[%emt 0:00:33]} Rxb3 {[%emt 0:00:53]} 58. a7 {[%emt 0:00:49]} Ra3 {[%emt 0:00:05]} 59. Rb8+ {[%emt 0:00:51]} Kf7 {[%emt 0:00:10]} 60. a8=Q {[%emt 0:00:04]} Rxa8 {[%emt 0:00:04]} 61. Rxa8 {[%emt 0:00:02]} b4 {[%emt 0:00:30]} 62. Ra6 {[%emt 0:02:25]} b3 {[%emt 0:00:11]} 63. Rb6 {[%emt 0:00:03]} Kg7 {[%emt 0:00:06]} 64. Kf4 {[%emt 0:00:18]} Kf7 {[%emt 0:00:14]} 65. Kg4 {[%emt 0:00:43]} Kg7 {[%emt 0:00:08]} 66. Kh4 {[%emt 0:00:33]} Kh7 {[%emt 0:00:16]} 67. Kg3 {[%emt 0:00:15]} Kg7 {[%emt 0:00:06]} 68. Kg4 {[%emt 0:00:23]} Bd1+ {[%emt 0:00:21]} 69. Kf4 {[%emt 0:00:14]} Bc2 {[%emt 0:00:06]} 70. Ke3 {[%emt 0:00:03]} Kf7 {[%emt 0:00:08]} 71. Kd2 {[%emt 0:00:05]} Kg7 {[%emt 0:00:06]} 72. Rf6 {[%emt 0:00:50]} Kh7 {[%emt 0:00:17]} 73. Kc3 {[%emt 0:00:30]} Kg7 {[%emt 0:00:07]} 74. Rb6 {[%emt 0:00:19]} Kf7 {[%emt 0:00:07]} 75. Kc4 {[%emt 0:00:10]} Kg7 {[%emt 0:00:07]} 76. Kd4 {[%emt 0:00:04]} Kf7 {[%emt 0:00:16]} 77. Kd5 {[%emt 0:00:11]} Kg7 {[%emt 0:00:09]} 78. Ke5 {[%emt 0:00:05]} Kf7 {[%emt 0:00:23]} 79. Kf4 {[%emt 0:00:07]} Kg7 {[%emt 0:00:05]} 80. Kg4 {[%emt 0:00:02]} Bd1+ {[%emt 0:00:13]} 81. Kh4 {[%emt 0:00:08]} Bc2 {[%emt 0:00:07]} 82. g6 {[%emt 0:00:24]} Bxg6 {[%emt 0:00:29]} 83. Rxb3 {[%emt 0:00:04]} Kf6 {[%emt 0:00:23]} 1/2-1/2

[Event "71st RUS-ch Higher League 2018"]
[Site "Yaroslavl"]
[Date "2018.07.03"]
[Round "7"]
[White "Lysyj, Igor"]
[Black "Pridorozhni, Aleksei"]
[Result "1-0"]
[WhiteElo "2630"]
[BlackElo "2589"]
[Annotator "ChessBase"]
[PlyCount "111"]
[EventDate "2018.06.26"]
[EventType "swiss"]
[EventCountry "RUS"]
[SourceTitle "playchess.com"]
[Source "ChessBase"]
[SourceQuality "1"]
[TimeControl "40/5400+30:1800+30"]

1. d4 {[%emt 0:00:00]} d5 {[%emt 0:00:00]} 2. c4 {[%emt 0:00:00]} e6 {[%emt 0:00:00]} 3. Nf3 {[%emt 0:00:00]} a6 {[%emt 0:00:11]} 4. Bg5 {[%emt 0:00:08]} Be7 {[%emt 0:00:07]} 5. Bxe7 {[%emt 0:00:06]} Qxe7 {[%emt 0:00:05]} 6. Nbd2 {[%emt 0:00:16]} Nf6 {[%emt 0:00:13]} 7. Rc1 {[%emt 0:01:02]} O-O {[%emt 0:00:08]} 8. e3 {[%emt 0:00:21]} Rd8 {[%emt 0:00:07]} 9. Qc2 {[%emt 0:04:35]} Nc6 {[%emt 0:01:38]} 10. cxd5 {[%emt 0:08:31]} exd5 {[%emt 0:03:10]} 11. a3 {[%emt 0:05:09]} Bg4 {[%emt 0:06:16]} 12. Bd3 {[%emt 0:00:53]} Bxf3 {[%emt 0:03:24]} 13. Nxf3 {[%emt 0:00:19]} Rd6 {[%emt 0:00:09]} 14. O-O {[%emt 0:04:28]} Re8 {[%emt 0:04:04]} 15. b4 {[%emt 0:21:42]} g6 {[%emt 0:05:54]} 16. Nd2 {[%emt 0:12:09]} Rc8 {[%emt 0:15:02]} 17. Nb3 {[%emt 0:00:46]} Nd8 {[%emt 0:00:16]} 18. a4 {[%emt 0:00:50]} Ne6 {[%emt 0:00:18]} 19. b5 {[%emt 0:00:29]} axb5 {[%emt 0:03:02]} 20. axb5 {[%emt 0:00:03]} Ra8 {[%emt 0:00:29]} 21. Ra1 {[%emt 0:01:11]} Rxa1 {[%emt 0:00:19]} 22. Rxa1 {[%emt 0:00:10]} b6 {[%emt 0:00:07]} 23. Nd2 {[%emt 0:06:30]} Ng5 {[%emt 0:04:45]} 24. Nf1 {[%emt 0:12:24]} Kg7 {[%emt 0:05:30]} 25. Rc1 {[%emt 0:00:32]} Ne6 {[%emt 0:00:42]} 26. Ng3 {[%emt 0:05:30]} Rd8 {[%emt 0:01:24]} 27. Ra1 {[%emt 0:00:06]} Qe8 {[%emt 0:02:14]} 28. Ra6 {[%emt 0:01:37]} Qf8 {[%emt 0:01:02]} 29. Ne2 {[%emt 0:00:52]} Qd6 {[%emt 0:00:18]} 30. h3 {[%emt 0:00:41]} h5 {[%emt 0:02:20]} 31. Ra1 {[%emt 0:01:05]} Re8 {[%emt 0:00:52]} 32. Nc3 {[%emt 0:00:41]} Rd8 {[%emt 0:00:08]} 33. Ne2 {[%emt 0:00:07]} Re8 {[%emt 0:00:05]} 34. Nc3 {[%emt 0:00:04]} Rd8 {[%emt 0:00:08]} 35. Bf1 {[%emt 0:01:48]} Re8 {[%emt 0:00:13]} 36. Be2 {[%emt 0:00:38]} Rd8 {[%emt 0:00:13]} 37. Bf1 {[%emt 0:00:12]} Re8 {[%emt 0:00:10]} 38. Qb1 {[%emt 0:06:57]} Rd8 {[%emt 0:00:49]} 39. Be2 {[%emt 0:01:39]} Re8 {[%emt 0:00:06]} 40. Bf1 {[%emt 0:00:00]} Rd8 {[%emt 0:00:00]} 41. Qb3 {[%emt 0:06:01]} Re8 {[%emt 0:01:48]} 42. Bd3 {[%emt 0:02:53]} Rd8 {[%emt 0:00:23]} 43. Be2 {[%emt 0:00:21]} Kg8 {[%emt 0:00:29]} 44. Nd1 {[%emt 0:07:57]} Re8 {[%emt 0:05:12]} 45. Qc2 {[%emt 0:00:46]} Kg7 {[%emt 0:00:49]} 46. Nb2 {[%emt 0:00:28]} Qb4 {[%emt 0:00:24]} 47. Ra4 {[%emt 0:02:48]} Qd6 {[%emt 0:08:21]} 48. Nd3 {[%emt 0:00:16]} Nd7 {[%emt 0:00:36]} 49. h4 {[%emt 0:02:17]} Nf6 {[%emt 0:04:35]} 50. g3 {[%emt 0:02:26]} Rc8 {[%emt 0:00:16]} 51. Ne5 {[%emt 0:00:53]} Nd7 {[%emt 0:00:10]} 52. Nc6 {[%emt 0:00:20]} Nb8 {[%emt 0:01:11]} 53. Ra8 {[%emt 0:01:11]} Qf8 {[%emt 0:00:06]} 54. Rxb8 {[%emt 0:00:32]} Rxb8 {[%emt 0:00:04]} 55. Nxb8 {[%emt 0:00:04]} Qxb8 {[%emt 0:00:05]} 56. Qc6 {[%emt 0:02:01]} 1-0

[Event "71st RUS-ch Higher League 2018"]
[Site "Yaroslavl"]
[Date "2018.07.03"]
[Round "7"]
[White "Khismatullin, Denis"]
[Black "Inarkiev, Ernesto"]
[Result "1/2-1/2"]
[WhiteElo "2627"]
[BlackElo "2684"]
[Annotator "TA"]
[PlyCount "103"]
[EventDate "2018.06.26"]
[EventType "swiss"]
[EventCountry "RUS"]
[SourceTitle "playchess.com"]
[Source "ChessBase"]
[SourceQuality "1"]

{[%evp 18,103,2,0,20,17,21,14,12,17,25,-21,-17,-2,-11,-16,-15,0,-8,-29,0,-10,0,-7,-4,-20,-20,-29,-16,-22,-15,-25,-7,-28,-36,-38,-46,-48,0,-13,-13,-16,-14,-16,-12,-9,-9,-9,-9,-40,-9,-10,-8,-8,-9,-10,-10,-18,-18,-33,0,0,0,0,0,0,0,0,0,-8,-8,-8,0,0,0,0,0,0,0,0,0,0,0,0,0,0,0,0]} 1. Nf3 d5 2. e3 Nf6 3. c4 e6 4. b3 Be7 5. Bb2 O-O 6. Nc3 dxc4 7. bxc4 b6 8. g3 Bb7 9. Bg2 c5 10. O-O {LiveBook: 356 Games} Ne8 $146 {A14: English Opening: 1...e6 with b3 by White} ({Predecessor:} 10... Nc6 11. Qe2 Rc8 12. Ne1 Qd7 13. f4 Rfd8 14. Rd1 Na5 15. Bxb7 Qxb7 16. d3 a6 17. a4 Ne8 18. f5 Bf6 19. fxe6 fxe6 {0-1 (49) Giri,A (2771)-So,W (2812) Stavanger 2017}) 11. Qe2 Nd6 12. d4 Nc6 13. dxc5 bxc5 14. Rfd1 Na5 15. Nd2 Bxg2 16. Kxg2 Qb6 17. Rab1 Qc6+ 18. Kg1 Rab8 19. Ba1 Bf6 20. Qg4 h5 21. Qxh5 Naxc4 22. Qf3 Qxf3 23. Nxf3 Rb4 24. Rbc1 Rfb8 25. Ne1 Bxc3 26. Rxc3 Ne4 27. Rc2 Nb2 28. Rdc1 c4 {[#] aiming for ...Nd3.} 29. a3 (29. Bxb2 {feels hotter.} Rxb2 30. Rxc4 Nxf2 31. Rc8+ Rxc8 32. Rxc8+ Kh7 33. Rc2) 29... Rb3 {...Nd3 is the strong threat.} 30. Bxb2 Rxb2 31. Rxb2 Rxb2 32. Rxc4 Nxf2 $11 {[%mdl 4096] Endgame KRN-KRN} 33. Rc8+ Kh7 34. Rc2 Nd3 {[#] White must now prevent ...Rb1.} 35. Rxb2 Nxb2 {KN-KN} 36. Kf2 Kg6 37. Kf3 Kf5 38. g4+ Ke5 39. h4 {The position is equal.} f6 40. Nc2 Nc4 41. Nd4 a6 42. a4 Kd5 43. Nc2 Ne5+ 44. Kg3 $1 Nd3 45. h5 Ke4 46. g5 {Threatens to win with h6.} Kf5 47. gxf6 Kxf6 48. Kg4 Nc5 49. Nb4 Nxa4 50. Nxa6 Nb6 51. Nc5 Nc4 52. Kf4 {Precision: White = 70%, Black = 75%.} 1/2-1/2